Equidad educativa en Chile: un debate abierto

Αποθηκεύτηκε σε:
Λεπτομέρειες βιβλιογραφικής εγγραφής
Κύριος συγγραφέας: Bellei Carvacho, Cristián (autor)
Μορφή: Βιβλίο
Γλώσσα:Ισπανικά
Έκδοση: Santiago Unicef 2004
Σειρά:Serie Reflexiones: Infancia y Adolescencia
Θέματα:
Ετικέτες: Προσθήκη ετικέτας
Δεν υπάρχουν, Καταχωρήστε ετικέτα πρώτοι!

MARC

LEADER 00000nam a2200000 a 4500
001 UCH2529
003 CL-VaPUC
008 090618e20040000CL |||||||||||||||||spa|d
082 0 4 |a 370.115  |b BEL  |2 21 
100 |a Bellei Carvacho, Cristián  |e autor  |9 583129 
245 1 0 |a Equidad educativa en Chile: un debate abierto 
300 |a 24 p 
942 |c BK 
945 |d 20090618 00:00:00  |a rbrito 
260 |a Santiago  |b Unicef  |c 2004 
650 0 |a Democratización de la educación  |9 307986 
650 0 |a Investigación educacional   |9 261192 
650 0 |a Política educacional  |9 308011 
583 |a last modification  |c 20090618 00:00:00  |k Rodrigo Vera 
490 0 |a Serie Reflexiones: Infancia y Adolescencia 
999 |c 334258  |d 334256 
952 |0 0  |1 0  |4 0  |6 370_115000000000000_BEL_2004  |7 0  |8 A  |9 423139  |a BIBEDU  |b BIBEDU  |d 2019-11-22  |i 4563859  |o 370.115 BEL 2004  |p 4563859  |r 2019-11-22  |w 2019-11-22  |y BK  |k BME